00983nam a2200265 i 450000100070000000500170000700800410002402000150006504000180008004300120009808200240011010000250013424500580015926000980021730000430031550000230035850400300038165000390041165000510045065300250050165500240052694200240055099900170057495201260059138210420140302115732.0790118t1978 xxkad grb 000 0 eng d a0566001659 aDLCcDLCdDLC ae-uk---04a658.870941222bTUC1 aTucker, K. A.93513910aConcentration and costs in retailing /cK. A. Tucker. aWestmead, United Kingdom :bSaxon House,cc.1978eBarry, United Kingdom :fIlfadrove Limited) axii, 175 p. :bchart, tables ;c23 cm. aIncludes appendix. aBibliography: p. 172-175. 0aRetail tradezGreat Britain935057 0aIndustrial concentrationzGreat Britain935140 bBUSADMcFebruary2014 vreading book934232 2ddck658.870941 TUC c18055d18027 00102ddc40708Donation-GaMAINbMAINc1STd2014-02-09eDonationl0o658.870941 TUCp000035609r2025-07-15 00:00:00yBB